书目信息 |
| 题名: |
女性生理健康忠告
|
|
| 作者: | 吴凌云 主编 | |
| 分册: | ||
| 出版信息: | 北京 人民军医出版社 2007.06 |
|
| 页数: | 225页 | |
| 开本: | 23cm | |
| 丛书名: | ||
| 单 册: | ||
| 中图分类: | R173 | |
| 科图分类: | ||
| 主题词: | 妇女保健学--fu nu bao jian xue--基本知识 | |
| 电子资源: | ||
| ISBN: | 978-7-5091-0935-9 | |
| 000 | 00768nam0 2200217 450 | |
| 001 | 012007797172 | |
| 005 | 20070930100453.59 | |
| 010 | @a978-7-5091-0935-9@dCNY30.00 | |
| 100 | @a20070804d2007 km y0chiy0120 ea | |
| 101 | 0 | @achi |
| 102 | @aCN@b110000 | |
| 105 | @ay z 000yy | |
| 200 | 1 | @a女性生理健康忠告@Anu xing sheng li jian kang zhong gao@f吴凌云主编@Fwu ling yun zhu bian |
| 210 | @a北京@c人民军医出版社@d2007.06 | |
| 215 | @a225页@d23cm | |
| 330 | @a本书介绍女性生理特性和保健知识,使女性了解自己,提高健康观念。全书分女性身体、生理、女性生殖器官与疾病、月经、白带、乳房、性生活与避孕等。 | |
| 606 | 0 | @a妇女保健学@Afu nu bao jian xue@x基本知识 |
| 690 | @aR173@v4 | |
| 701 | 0 | @a吴凌云@Awu ling yun@4主编 |
| 801 | 0 | @aCN@c20070930 |
| 905 | @dR173@eW828 | |
| 女性生理健康忠告/吴凌云主编.-北京:人民军医出版社,2007.06 |
| 225页;23cm |
| ISBN 978-7-5091-0935-9:CNY30.00 |
| 本书介绍女性生理特性和保健知识,使女性了解自己,提高健康观念。全书分女性身体、生理、女性生殖器官与疾病、月经、白带、乳房、性生活与避孕等。 |
| ● |
| 相关链接 |
|
|
|
正题名:女性生理健康忠告
索取号:R173/W828
 
预约/预借
| 序号 | 登录号 | 条形码 | 馆藏地/架位号 | 状态 | 备注 |
| 1 | 255887 | 202558874 | 自科库401/401自科库 7排4列3层/ [索取号:R173/W828] | 在馆 | |
| 2 | 255888 | 202558883 | 自科库401/401自科库 7排4列3层/ [索取号:R173/W828] | 在馆 | |
| 3 | 255889 | 202558892 | 自科库401/ [索取号:R173/W828] | 在馆 |